Normal view
MARC view
Entry Topical Term
001 - CONTROL NUMBER
- control field: 60956
003 - CONTROL NUMBER IDENTIFIER
- control field: OSt
005 - DATE AND TIME OF LATEST TRANSACTION
- control field: 20260603123829.0
008 - FIXED-LENGTH DATA ELEMENTS
- fixed length control field: 260603|| aca||aabn | a|a d
040 ## - CATALOGING SOURCE
- Original cataloging agency: OSt
- Transcribing agency: OSt
150 ## - HEADING--TOPICAL TERM
- Topical term or geographic name entry element: Financial inclusion, NFHS, Decomposition, Linear probability models, Gender.
670 ## - SOURCE DATA FOUND
- Source citation: Work cat.: (OSt): Joshi, Shruti and Kamila, Anshuman 60955, Financial inclusion among rural Indian women: Comparative evidence from two recent rounds of the national family health survey
